000 00381nam a2200145 4500
001 143479
003 ES-MaACL
005 20230906200828.0
007 t|
008 070214s1959 sp r ||||1| spa d
245 0 0 _aSentir como el débil.
260 _aZaragoza :
_b[s.n.],
_c1959 (
_fImp. Octavio y Félez)
300 _a79 p. ;
_c20 cm.
852 _aES-MaACL
_j2015-F-8
_bR.44974
999 _c143479
_d143479